000 00617nam a2200157 4500
999 _c16030
_d16030
008 210209b ||||| |||| 00| 0 eng d
022 _a0732-8435
082 _aDPer 657.05 C33 Feb - Aug 2012, v. 82
100 _aLasky, Michael C.
_942981
245 _aThe increased importance of non-compete agreements for accounting firms/
_cMichael C. Lasky and David S. Greenberg.
260 _aNew York:
_bThe New York State Society of CPA,
_c©2012.
300 _av82 n8, pages 54-57:
_bcolor illustrations,
_c28 cm.
650 _aAccounting
_xFirms.
_942982
700 _aGreenberg, D. S.
_eAuthor.
_942983
942 _2ddc
_cPER